Conclusiones
Se realiza una síntesis de los aspectos más sobresalientes que fueron trabajados y discutidos en cada mesa redonda realizada en las II Jornadas de Investigación social sobre la Infancia, realizada en Argentina. WMV
Guardado en:
| Format: | Texto |
|---|---|
| Sprog: | Spanish |
| Fag: | |
| Tags: |
Tilføj Tag
Ingen Tags, Vær først til at tagge denne postø!
|
MARC
| LEADER | 00000 a a2200000 04500 | ||
|---|---|---|---|
| 001 | 26103 | ||
| 003 | cru CRAI/IIS | ||
| 005 | 20210311114850.0 | ||
| 008 | 210311b ||||| |||| 00| 0 spa d | ||
| 040 | |c cru CRAI/IIS | ||
| 245 | |a Conclusiones | ||
| 300 | |a páginas 619-629 | ||
| 520 | |a Se realiza una síntesis de los aspectos más sobresalientes que fueron trabajados y discutidos en cada mesa redonda realizada en las II Jornadas de Investigación social sobre la Infancia, realizada en Argentina. WMV | ||
| 650 | |a NIÑOS | ||
| 650 | |a POLITICAS PUBLICAS | ||
| 650 | |a TRABAJO | ||
| 650 | |a ADOLESCENCIA | ||
| 773 | 0 | |0 43626 |9 5231 |a Jornadas Internacionales de Investigación Social sobre Infancia y Adolescencia, la Convención de los derechos del Niño y las Prácticas Sociales. |d Córdoba, Argentina : UNICEF; Fundación Antorchas; Fundación INCIDE; Municipalidad de Córdoba ; Colegio de Profesionales de Trabajo Social de Córdoba ; Colegio de Escribanos de la Provincia de Cordoba, 2000 |o sin código |t Ponencias / | |
| 942 | |2 ddc |c LI | ||
| 999 | |c 1177 |d 1177 | ||
